| 000 | 00866nam a2200241 a 4500 | ||
|---|---|---|---|
| 001 | 57087 | ||
| 003 | BD-RjUL | ||
| 005 | 20211209080451.0 | ||
| 008 | 161205s1987 bg ||||| |||| 00| 0 ben d | ||
| 020 | _c: TK 100.00 | ||
| 035 | _a(BD-RjUL)57211 | ||
| 040 |
_aBD-RjUL _bben _cBD-RjUL |
||
| 041 | _aben | ||
| 082 |
_223 _a297.61 _bMUA 1987 |
||
| 245 | 1 | 0 | _aমুয়াত্তা ইমাম মালিক (রঃ) / |
| 260 |
_aঢাকা : _bইসলামিক ফাউন্ডেশন, _c১৯৮৭ |
||
| 300 |
_aখণ্ড. ; _c২১ সেমি. |
||
| 505 | 0 | _aখণ্ড ২ -- | |
| 650 |
_aইসলামিক নেতা _9168993 |
||
| 650 |
_aIslamic leader _9169583 |
||
| 700 |
_aইসলামাবাদী, মুহম্মদ রিজাউল করীম, অনুবাদ _9242806 |
||
| 942 |
_2ddc _cBK |
||
| 999 |
_c57087 _d57087 |
||